| 000 | 03923cam a2200553 i 4500 | ||
|---|---|---|---|
| 003 | PHURS | ||
| 005 | 20260218105610.0 | ||
| 008 | 180103s2017 hiu ob 001 0 eng d | ||
| 040 |
_aN$T _beng _erda _epn _cN$T _dYDX _dN$T _dOCLCO _dEBLCP _dMERUC _dOCLCF _dIDB _dOCLCQ _dCUS _dELW _dOAPEN _dOCLCQ _dJSTOR _dICN _dSOI _dEZ9 _dERL _dLOA _dUKKNU _dU3W _dLVT _dTKN _dYOU _dOCLCQ _dBRX _dOCLCO _dTXR _dVLB _dUPM _dVT2 _dDKC _dAU@ _dOCLCQ _dN$T _dOCLCQ _dOCLCO _dOCLCQ _dOCLCO |
||
| 020 |
_a9780824867317 _q(electronic bk.) |
||
| 020 |
_a0824867319 _q(electronic bk.) |
||
| 020 |
_a9780824878320 _q(electronic bk.) |
||
| 020 |
_a0824878329 _q(electronic bk.) |
||
| 020 |
_a9780824867300 _q(electronic bk.) |
||
| 020 |
_a0824867300 _q(electronic bk.) |
||
| 020 |
_a9780824878313 _q(electronic bk.) |
||
| 020 |
_a0824878310 _q(electronic bk.) |
||
| 050 | 4 | _aBL1853 | |
| 100 | 1 |
_aLi, Minghui, _d1953- _eauthor. _0http://id.loc.gov/authorities/names/nr91002730 |
|
| 245 | 1 | 0 |
_aConfucianism : _bits roots and global significance / _cMing-huei Lee ; edited by David Jones. |
| 264 | 1 |
_aHonolulu : _bUniversity of Hawaiʻi Press : _bEast-West Center, _c[2017] |
|
| 264 | 4 | _c©2017 | |
| 300 | _a1 online resource | ||
| 336 |
_atext _btxt _2rdacontent |
||
| 337 |
_acomputer _bc _2rdamedia |
||
| 338 |
_aonline resource _bcr _2rdacarrier |
||
| 490 | 1 | _aConfucian cultures | |
| 588 | 0 | _aOnline resource; title from PDF title page (EBSCO, viewed January 5, 2018). | |
| 504 | _aIncludes bibliographical references and index. | ||
| 505 | 0 | _aMou Zongsan's interpretation of Confucianism : some hermeneutical reflections -- Modern new Confucians on the religiousness of Confucianism -- The debate on ren between Zhu Xi and Huxiang scholars -- The four-seven debate between Yi Toegye and Gi Gobong and its philosophical purport -- Wang Yangming's philosophy and modern theories of democracy : a reconstructive interpretation -- Confucianism, Kant, and virtue ethics -- A critique of Jiang Qing's "Political Confucianism." | |
| 520 | _aIn Confucianism: Its Roots and Global Significance, English language readers get a rare opportunity to read the work in a single volume of one of Taiwan's most distinguished scholars. Although Lee Ming-huei has published in English before, the corpus of his non-Chinese writings is in German. Readers of this volume will discover the hard-mindedness and precision of thinking associated with German philosophy as they enter into Lee's discussions of Confucianism. Progressing through the book, they will be constantly reminded that all philosophy should be truly comparative. The work is divided into three parts: Classical Confucianism and Its Modern Re-Interpretations, Neo-Confucianism in China and Korea, and Ethics and Politics. The interrelated ideas and arguments presented here contribute significantly to the Confucian project in English-speaking countries across the world. | ||
| 542 | 1 |
_fThis work is licensed under a Creative Commons license _uhttps://creativecommons.org/licenses/by-nc-nd/4.0/legalcode |
|
| 542 | 1 |
_fThis work is licensed by Knowledge Unlatched under a Creative Commons license _uhttps://creativecommons.org/licenses/by-nc-nd/4.0/legalcode |
|
| 506 | 0 | _5EbpS | |
| 590 |
_aJSTOR _bBooks at JSTOR Open Access |
||
| 650 | 0 | _aConfucianism. | |
| 650 | 6 | _aConfucianisme. | |
| 650 | 7 | _aConfucianism. | |
| 650 | 7 |
_aPHILOSOPHY _xEastern. |
|
| 650 | 7 |
_aRELIGION _xConfucianism. |
|
| 650 | 7 | _aConfucianism. | |
| 655 | 4 | _aElectronic books. | |
| 700 | 1 |
_aJones, David Edward, _eeditor. _0http://id.loc.gov/authorities/names/n2007070831 |
|
| 776 | 1 |
_cOriginal _w(DLC) 2017009064 |
|
| 830 | 0 |
_aConfucian cultures. _0http://id.loc.gov/authorities/names/no2017025126 |
|
| 856 |
_uhttps://docs.google.com/spreadsheets/d/1yKIrdCPDAG_9c22mwoOIO2DOhtj65Wqa/edit?usp=sharing&ouid=106555315294820607512&rtpof=true&sd=true _yList of Curated E-Books |
||
| 942 |
_2lcc _cE-BOOK |
||
| 994 |
_a92 _bPHURS |
||
| 999 |
_c45854 _d45854 |
||